| 000 | 00445nam a2200157Ia 4500 | ||
|---|---|---|---|
| 008 | 151021s9999 xx 000 0 und d | ||
| 020 | _a64610365 | ||
| 050 | _aHM 17.J37 1991 | ||
| 245 | _a_The Harper Collins Dictionary of sociology David Jary | ||
| 260 | _aNew York HarperPerennial 1991 | ||
| 300 | _av,601p. | ||
| 500 | _aIncludes Bibliography | ||
| 650 | _a_Sociology | ||
| 700 | _a_Julia Jary | ||
| 980 | _a^d20120730 10:07:01^oanne | ||
| 999 |
_c9084 _d9084 |
||